00737nam a2200181 a 450000100100000000500170001000800410002704000250006804100080009308200210010110000290012224501250015126000840027630000200036054600130038065100820039365100800047500003158920240315194505.0110627s1981 dr 000 0 spa d aDO-SdBNPbspacBNPHU07aeng a338.97293bD473i1 aDespradel, Carlosd1942-14aThe international situation :ba challenge to the Dominican Republic´s economy /cspeech delivered by Carlos Despradel. aSanto Domingo :bAmerican Chamber of Commerce of the Dominican Republic,c1981. a41 p. ;c21 cm. aInglés 4aRepública DominicanaxCondiciones EconómicasxEnsayos, Conferencias, Etc. 4aRepública DominicanaxPolítica EconómicaxEnsayos, Conferencias, Etc.